Thinking ahead : (Record no. 11692)
[ view plain ]
| 000 -LEADER | |
|---|---|
| fixed length control field | 00750cam a2200265 i 4500 |
| 001 - CONTROL NUMBER | |
| control field | 11692 |
| 003 - CONTROL NUMBER IDENTIFIER | |
| rucl marc code | BD-RjUL |
| 005 - DATE AND TIME OF LATEST TRANSACTION | |
| control field | 20211208235152.0 |
| 008 - FIXED-LENGTH DATA ELEMENTS--GENERAL INFORMATION | |
| fixed length control field | 140127s1977 fr b i000 0 eng |
| 020 ## - INTERNATIONAL STANDARD BOOK NUMBER | |
| International Standard Book Number | 9231015257 |
| 035 ## - SYSTEM CONTROL NUMBER | |
| System control number | (BD-RjUL)11741 |
| 040 ## - CATALOGING SOURCE | |
| Original cataloging agency | DLC |
| Transcribing agency | DLC |
| Modifying agency | DLC |
| -- | BD-RjUL |
| Language of cataloging | eng |
| 041 ## - LANGUAGE CODE | |
| Language code of text/sound track or separate title | eng |
| 082 00 - DEWEY DECIMAL CLASSIFICATION NUMBER | |
| Classification number | 341.767 |
| Author mark and year | UNT 1977 |
| 110 2# - MAIN ENTRY--CORPORATE NAME | |
| Corporate name or jurisdiction name as entry element | Unesco. |
| 9 (RLIN) | 36176 |
| 245 10 - TITLE STATEMENT | |
| Title | Thinking ahead : |
| Remainder of title | Unesco and the challenges of today and tomorrow / |
| Statement of responsibility, etc. | Unesco. |
| 260 ## - PUBLICATION, DISTRIBUTION, ETC. (IMPRINT) | |
| Place of publication, distribution, etc. | Paris : |
| Name of publisher, distributor, etc. | Unesco, |
| Date of publication, distribution, etc. | c1977. |
| 300 ## - PHYSICAL DESCRIPTION | |
| Pagination | 363 p. ; |
| Size | 24 cm. |
| 500 ## - GENERAL NOTE | |
| General note | "Unesco's Medium-Term Plan for 1977-1982" |
| 504 ## - BIBLIOGRAPHY, ETC. NOTE | |
| Bibliography, etc | Includes bibliographical references. |
| 610 20 - SUBJECT ADDED ENTRY--CORPORATE NAME | |
| Corporate name or jurisdiction name as entry element | Unesco. |
| 942 ## - ADDED ENTRY ELEMENTS (KOHA) | |
| Source of classification or shelving scheme | Dewey Decimal Classification |
| Koha item type | Books |
| Lost status | Source of classification or shelving scheme | Damaged status | Not for loan | Collection code | Permanent Location | Current Location | Shelving location | Date acquired | Source of acquisition | Total Checkouts | Full call number | Date last seen | Copy number | Koha item type |
|---|---|---|---|---|---|---|---|---|---|---|---|---|---|---|
| Dewey Decimal Classification | Not For Loan | Non-fiction | Central Library, University of Rajshahi | Central Library, University of Rajshahi | Reading Room | 09/06/1982 | Unisco | 341.767 UNT 1977 | 27/01/2014 | C-1 | Books |